| 000 | 00993nam a2200241 4500 | ||
|---|---|---|---|
| 008 | 020829s1993 us 0 eng | ||
| 020 | _a1555408451 | ||
| 090 | 0 |
_aBS511.2 _bSo1d |
|
| 100 | 1 | _aHarrington, Hannah K. | |
| 245 | 1 | 0 |
_aThe impurity systems of Qumran and the Rabbis : _bbiblical foundations / _cHannah K. Harrington. |
| 260 |
_aAtlanta : _bScholars Press, _cc1993. |
||
| 300 | _axv, 313 p. | ||
| 490 | 1 |
_aSociety of biblical literature / Dissertation series; _v143 |
|
| 500 | _aOriginally presented as the author's thesis (Ph.D.) - University of California | ||
| 504 | _aBiblio: pp. 293-304 | ||
| 505 | 0 | _avol. CXLIII | |
| 650 | 4 |
_aBible. O.T. Leviticus _xCriticism, interpretation, etc. |
|
| 650 | 4 |
_aDead Sea Scrolls _xCriticism, interpretation, etc. |
|
| 650 | 4 |
_aPurity, Ritual _xBiblical teaching. |
|
| 650 | 4 |
_aPurity, ritual _xHudaism. |
|
| 650 | 4 |
_aRabbinical literature _xHistory and criticism. |
|
| 951 |
_p15964 _oBS511.2/So1d-CXLIII _j070613111142109 _d2000-12-21 _cGC |
||
| 999 |
_c12742 _d12742 |
||